000 01491cam a22004097a 4500
003 CHAP
005 20220329135446.0
008 971013s1988 r 00010 d
010 _a36851
011 _a37823
035 _a41943
040 _cCHAP
090 _aFolleto 12036
100 0 0 _aOrtiz Olguín, Miguel.
_984037
245 0 _aDesarrollo radical del trigo bajo diferentes tratamientos de labranza en Llano Grande, Edo. de México
260 _aChapingo, Méx. :
_bUACH. Departamento de Suelos,
_c1988
300 _a10 p.
_b; gráfs.
490 0 _aSerie investigación
_v; 6
590 _aBATCH-UPD
_b10
_c20130110
_lUCH01
_h1209
590 _aBATCH-UPD
_b10
_c20130410
_lUCH01
_h0749
590 _aBATCH-UPD
_b10
_c20130914
_lUCH01
_h1711
590 _aCONVERSION
_b10
_c20130109
_lUCH01
_h1321
650 1 4 _aLabranza.
_964303
650 1 4 _aRaíces
_994670
650 1 4 _aSuelos y cultivos.
_9110571
650 1 4 _aTrigo
_xFisiología y morfología.
_9115027
700 0 _aRuíz Figueroa, José Feliciano.
_9100875
700 0 _aTorres Cedillo, Luis.
_9114070
830 0 _aSerie investigación
_v; 6
_9104932
901 _aBK
942 _cFOLL
949 _aFolleto 12036
_bBC
_cFOLL
_d-96405
_eTS1
_i41943
_si
949 _aFolleto 12036
_bBC
_cFOLL
_d-96408
_eTS2
_fc.2
_i41943
_si
949 _aFolleto 12036
_bBC
_cFOLL
_dD_1230E
_eTS2
_fc.2
_i41943
_si
949 _aFolleto 12036
_bBC
_cFOLL
_dD_12311
_eTS2
_fc.5
_i41943
_si
949 _aFolleto 12036
_bBC
_cUACH
_d-96407
_eUACH
_fc.3
_i41943
_si
999 _c36851
_d36851